000 00758nam a2200217Ia 4500
001 6980
003 GE_BSU
008 181216s||||||||xx |||||||||||||| ||und||
040 _cGE_BSU
080 _a656.25
100 _aБорисов,Д.П. Казанов,А.А. и др.
245 _aАвтоматика, телемеханика и связь на международном транспорте.
245 _bУчебник.
245 _cРед.: В.П. Репнева и Т.В.Бирюкова.
260 _aМ.
260 _bТранспорт.
260 _c1973.
300 _a312стр.27см.
653 _aАвтоматика, телемеханика и связь на международном транспорте.
942 _cBK
999 _c40372
_d40372